Statistics for Countries with the Most FIFA Men's World Cup Titles

Click here to take the quiz!

General Stats

  • This quiz has been taken 276 times
  • The average score is 8 of 9

Answer Stats

# Country % Correct
5Brazil
100%
1Germany
98%
4Italy
96%
2Argentina
96%
1France
96%
1Spain
95%
1England
92%
2Uruguay
89%
3West Germany
61%

Score Distribution

Percentile by Number Answered

Percent of People with Each Score

Your Score History

You have not taken this quiz